[Event "Bad Griesbach Seniors op 12th"]
[Site "Bad Griesbach"]
[Date "2009.12.01"]
[Round "3"]
[White "Guthke, Horst"]
[Black "Boldt, Heinrich"]
[Result "0-1"]
[WhiteElo "1420"]
[BlackElo "1718"]
[PlyCount "78"]
[EventDate "2009.11.29"]
[EventType "swiss"]
[EventRounds "7"]
[EventCountry "GER"]
[SourceTitle "EXT 2015"]
[Source "ChessBase"]
[SourceDate "2014.11.20"]
[SourceVersion "1"]
[SourceVersionDate "2014.11.20"]
[SourceQuality "1"]

1. d4 d5 2. c4 c6 3. e3 Nf6 4. Nc3 Bf5 5. Nf3 e6 6. Be2 dxc4 7. Bxc4 Bb4 8. 0-0 0-0 9. Nh4 Bg4 10. Nf3 Nbd7 11. Bd3 Qc7 12. e4 e5 13. a3 exd4 14. axb4 dxc3 15. bxc3 Rad8 16. Qc2 h6 17. Kh1 Rfe8 18. Nd4 a6 19. f4 c5 20. bxc5 Nxc5 21. e5 Nxd3 22. Qxd3 Nd5 23. h3 Bd7 24. c4 Ne7 25. Ba3 g6 26. Bd6 Qc8 27. g4 Nc6 28. f5 Nxe5 29. Bxe5 Rxe5 30. fxg6 Bc6+ 31. Kh2 Qc7 32. gxf7+ Kf8 33. Qg3 Rxd4 34. Rf2 Rde4 35. Qa3+ Re7+ 36. Kg1 Re3 37. Qc1 Qg3+ 38. Kf1 Qxh3+ 39. Kg1 Qh1# 0-1

[Event "Bad Griesbach Seniors op 12th"]
[Site "Bad Griesbach"]
[Date "2009.11.29"]
[Round "1"]
[White "Koenigl, Anton"]
[Black "Guthke, Horst"]
[Result "1-0"]
[WhiteElo "1736"]
[BlackElo "1420"]
[PlyCount "66"]
[EventDate "2009.11.29"]
[EventType "swiss"]
[EventRounds "7"]
[EventCountry "GER"]
[SourceTitle "EXT 2015"]
[Source "ChessBase"]
[SourceDate "2014.11.20"]
[SourceVersion "1"]
[SourceVersionDate "2014.11.20"]
[SourceQuality "1"]

1. e4 c5 2. Nf3 d6 3. d4 cxd4 4. Nxd4 a6 5. c4 Nf6 6. Nc3 e5 7. Nf3 Nc6 8. h3 Be7 9. Be2 Rb8 10. 0-0 Be6 11. Be3 b6 12. Nd2 Bd7 13. a3 Qc8 14. Kh2 h6 15. Rc1 g5 16. Nd5 Nxd5 17. cxd5 g4 18. dxc6 Be6 19. c7 Rb7 20. Bxa6 gxh3 21. g3 h5 22. Bxb7 Qxb7 23. Qc2 Kd7 24. Qa4+ Kc8 25. Qb5 d5 26. exd5 Rg8 27. Rg1 Bxd5 28. Qxb6 Qxb6 29. Bxb6 Be6 30. Be3 f5 31. Nc4 f4 32. gxf4 Bxc4 33. Rxc4 Rg4 1-0

[Event "Bayern-ch Seniors 21st"]
[Site "Bergen"]
[Date "2009.06.26"]
[Round "7"]
[White "Purwin, Heinz"]
[Black "Guthke, Horst"]
[Result "1-0"]
[WhiteElo "1537"]
[BlackElo "1411"]
[PlyCount "78"]
[EventDate "2009.06.20"]
[EventType "swiss"]
[EventRounds "9"]
[EventCountry "GER"]
[SourceTitle "EXT 2015"]
[Source "ChessBase"]
[SourceDate "2014.11.20"]
[SourceVersion "1"]
[SourceVersionDate "2014.11.20"]
[SourceQuality "1"]

1. e4 c5 2. Nf3 d6 3. c3 Nf6 4. d3 e6 5. Be2 Be7 6. Nbd2 0-0 7. 0-0 Nbd7 8. Nc4 e5 9. Ne3 Re8 10. Qc2 g6 11. a3 Nb6 12. c4 Bd7 13. Bd2 a5 14. b4 axb4 15. axb4 Ba4 16. Qb2 Nfd7 17. b5 Ra7 18. Ra3 f5 19. exf5 Bf6 20. Bc3 g5 21. Nd2 Qe7 22. f3 Qf7 23. g4 h5 24. Ne4 Be7 25. Rfa1 Nf6 26. Nxg5 Qg7 27. Ne6 Qh6 28. g5 Qh8 29. h4 Ng4 30. Ng2 Qh7 31. fxg4 hxg4 32. Bxg4 Kh8 33. Bxe5+ dxe5 34. Qxe5+ Kg8 35. Rf1 Nd7 36. Qf4 b6 37. f6 Nxf6 38. gxf6 Bf8 39. Qg3 Kf7 1-0

[Event "Bayern-ch Seniors 21st"]
[Site "Bergen"]
[Date "2009.06.20"]
[Round "1"]
[White "Fels, Karl Heinz"]
[Black "Guthke, Horst"]
[Result "1-0"]
[WhiteElo "1710"]
[BlackElo "1411"]
[PlyCount "91"]
[EventDate "2009.06.20"]
[EventType "swiss"]
[EventRounds "9"]
[EventCountry "GER"]
[SourceTitle "EXT 2015"]
[Source "ChessBase"]
[SourceDate "2014.11.20"]
[SourceVersion "1"]
[SourceVersionDate "2014.11.20"]
[SourceQuality "1"]

1. e4 c5 2. Nf3 d6 3. d4 cxd4 4. Nxd4 a6 5. Nc3 e6 6. Be3 Nf6 7. Be2 Be7 8. Qd2 0-0 9. f4 Qc7 10. Bf3 e5 11. Nf5 Bxf5 12. exf5 Rd8 13. 0-0-0 Nbd7 14. g4 exf4 15. Bxf4 Ne5 16. Qg2 Nxf3 17. Qxf3 Rac8 18. g5 Ne8 19. Rd2 Qc6 20. Nd5 Bf8 21. f6 Kh8 22. Rf1 Nc7 23. Ne7 Qxf3 24. Rxf3 Ra8 25. Bxd6 gxf6 26. gxf6 Bh6 27. Bf4 Rxd2 28. Bxd2 Bxd2+ 29. Kxd2 Rd8+ 30. Rd3 Rxd3+ 31. Kxd3 h5 32. Ke4 Kh7 33. c4 Kh6 34. Kf5 Ne6 35. h4 Nd4+ 36. Ke4 Ne6 37. b4 Nf8 38. c5 Nd7 39. Kf5 Nb8 40. a3 Nd7 41. Nc8 Kh7 42. Nd6 Kg8 43. Nxb7 Nb8 44. Nd8 Kf8 45. c6 Ke8 46. c7 1-0

[Event "Niederbayern-ch Seniors 50th"]
[Site "Teisnach"]
[Date "2009.??.??"]
[Round "7"]
[White "Guthke, Horst"]
[Black "Bilyavskyy, Borys"]
[Result "1/2-1/2"]
[WhiteElo "1407"]
[BlackElo "1775"]
[PlyCount "27"]
[EventDate "2009.??.??"]
[EventType "swiss"]
[EventRounds "7"]
[EventCountry "GER"]
[SourceTitle "EXT 2011"]
[Source "ChessBase"]
[SourceDate "2010.11.26"]
[SourceVersion "1"]
[SourceVersionDate "2010.11.26"]
[SourceQuality "1"]

1. d4 Nf6 2. c4 e6 3. Nc3 d5 4. e3 c6 5. a4 Bb4 6. Bd2 Qa5 7. Qc2 Nbd7 8. Bd3 dxc4 9. Bxc4 Nb6 10. Bd3 Nbd5 11. Nge2 Qc7 12. e4 Ne7 13. e5 Nfd5 14. Ne4 1/2-1/2

[Event "Niederbayern-ch Seniors 49th"]
[Site "Vilshofen"]
[Date "2008.??.??"]
[Round "1"]
[White "Guthke, Horst"]
[Black "Sierian, Peter"]
[Result "1/2-1/2"]
[WhiteElo "1281"]
[BlackElo "1705"]
[PlyCount "131"]
[EventDate "2008.??.??"]
[EventType "swiss"]
[EventRounds "7"]
[EventCountry "GER"]
[SourceTitle "EXT 2010"]
[Source "ChessBase"]
[SourceDate "2010.11.25"]
[SourceVersion "1"]
[SourceVersionDate "2010.11.25"]
[SourceQuality "1"]

1. d4 Nf6 2. c4 e6 3. Nc3 d5 4. e3 Be7 5. Nf3 0-0 6. Bd3 b6 7. 0-0 Bb7 8. Ne5 Nfd7 9. Qc2 g6 10. b3 Nxe5 11. dxe5 Nd7 12. f4 dxc4 13. Bxc4 Bb4 14. Ne2 Qh4 15. Nd4 c6 16. Rf3 Qe1+ 17. Rf1 Qc3 18. Rb1 Qxc2 19. Nxc2 Be7 20. Ba3 Bxa3 21. Nxa3 Nc5 22. Rbd1 Rfd8 23. Nb1 Kf8 24. Nc3 Ke7 25. b4 Na6 26. a3 Nc7 27. Kf2 Rxd1 28. Rxd1 Rd8 29. Rxd8 Kxd8 30. Ne4 Ne8 31. Ng5 Ke7 32. Nxh7 Nc7 33. g3 Nb5 34. Bxb5 cxb5 35. Nf6 Bc6 36. h4 Kf8 37. e4 Kg7 38. Ke3 Kh8 39. Kd4 Kg7 40. g4 Kh8 41. g5 Kg7 42. h5 gxh5 43. Nxh5+ Kg6 44. Ng3 Bd7 45. Ke3 Bc8 46. Kf3 Bd7 47. Kg4 Bc6 48. f5+ Kh7 49. Kf4 Bd7 50. Nh5 Bc6 51. Nf6+ Kg7 52. Ng4 Bd7 53. Nh2 Bc8 54. Nf3 Bd7 55. Nh4 Be8 56. Kg4 Bc6 57. f6+ Kh7 58. Kf4 Be8 59. Nf3 Kg6 60. Ng1 Kh5 61. Nf3 Kg6 62. Nd4 Bd7 63. Kg4 Be8 64. Nf3 Bc6 65. Nh4+ Kh7 66. Kf4 1/2-1/2

[Event "Niederbayern-ch Seniors 49th"]
[Site "Vilshofen"]
[Date "2008.??.??"]
[Round "3"]
[White "Guthke, Horst"]
[Black "Zorn, Guenter"]
[Result "1/2-1/2"]
[WhiteElo "1281"]
[BlackElo "1275"]
[PlyCount "152"]
[EventDate "2008.??.??"]
[EventType "swiss"]
[EventRounds "7"]
[EventCountry "GER"]
[SourceTitle "EXT 2010"]
[Source "ChessBase"]
[SourceDate "2010.11.25"]
[SourceVersion "1"]
[SourceVersionDate "2010.11.25"]
[SourceQuality "1"]

1. d4 Nf6 2. c4 e5 3. d5 Bc5 4. Bd2 Ne4 5. e3 Qf6 6. Nf3 a6 7. Bd3 Ng5 8. Nxg5 Qxg5 9. 0-0 d6 10. f4 Qg4 11. fxe5 Qxd1 12. Rxd1 dxe5 13. b4 Be7 14. a3 0-0 15. Bc3 Bf6 16. Rf1 Nd7 17. e4 b6 18. Nd2 Bg5 19. Nf3 Be3+ 20. Kh1 f6 21. Rae1 Bf4 22. g3 Bh6 23. Nh4 g6 24. Rf3 Rf7 25. Ref1 Kg7 26. Ng2 Bb7 27. g4 Raf8 28. h4 g5 29. R1f2 Bc8 30. Ne3 gxh4 31. Nf5+ Kg6 32. Nxh4+ Kg7 33. Nf5+ Kg6 34. Nxh6 Kxh6 35. g5+ Kg6 36. gxf6 Rxf6 37. Rg3+ Kf7 38. Rh2 Rh8 39. Bd2 Rg6 40. Rf3+ Rf6 41. Rfh3 Nf8 42. Rh5 Bg4 43. Rg5 Bf3+ 44. Kg1 Ng6 45. Rf5 Rxf5 46. exf5 Nf4 47. Bxf4 exf4 48. Rh6 Rg8+ 49. Kf2 Bd1 50. Rxh7+ Rg7 51. Rh4 Rg4 52. Rh7+ Rg7 53. Rh6 f3 54. Rh2 Rg4 55. Bf1 Ke7 56. Rh7+ Kd8 57. f6 Rf4 58. f7 Ke7 59. f8Q+ Kxf8 60. Rxc7 Rd4 61. Rc6 Rd2+ 62. Kg3 Be2 63. Kf2 Bxc4+ 64. Kxf3 Bxd5+ 65. Ke3 Ra2 66. Rxb6 Rxa3+ 67. Kd4 Bh1 68. Rxa6 Rxa6 69. Bxa6 Ke7 70. Kc5 Kd7 71. Kb6 Kd6 72. Bc4 Bc6 73. Bb5 Bf3 74. Ka7 Kc7 75. Bc4 Bc6 76. Bd5 Bxd5 1/2-1/2

[Event "Niederbayern-ch Seniors 49th"]
[Site "Vilshofen"]
[Date "2008.??.??"]
[Round "2"]
[White "Pilz, Erhard"]
[Black "Guthke, Horst"]
[Result "1/2-1/2"]
[WhiteElo "1509"]
[BlackElo "1281"]
[PlyCount "56"]
[EventDate "2008.??.??"]
[EventType "swiss"]
[EventRounds "7"]
[EventCountry "GER"]
[SourceTitle "EXT 2010"]
[Source "ChessBase"]
[SourceDate "2010.11.25"]
[SourceVersion "1"]
[SourceVersionDate "2010.11.25"]
[SourceQuality "1"]

1. e4 c5 2. Nf3 g6 3. c3 Bg7 4. Bc4 e6 5. 0-0 Ne7 6. d4 cxd4 7. cxd4 0-0 8. Bg5 Nbc6 9. Qd2 Kh8 10. Nc3 a6 11. Bh6 b5 12. Bb3 Bb7 13. d5 Na5 14. Bxg7+ Kxg7 15. Qd4+ f6 16. dxe6 Nxb3 17. axb3 dxe6 18. Ng5 Qxd4 19. Nxe6+ Kf7 20. Nxd4 b4 21. Na4 Bxe4 22. Nc5 Bf5 23. Rfe1 Bc8 24. Ra5 Rd8 25. Rxe7+ Kxe7 26. Nc6+ Ke8 27. Nxd8 Kxd8 28. Ne4 Ke7 1/2-1/2

[Event "Niederbayern-ch Seniors 48th"]
[Site "Ortenburg"]
[Date "2007.??.??"]
[Round "6"]
[White "Guthke, Horst"]
[Black "Wokurka, Werner"]
[Result "1/2-1/2"]
[WhiteElo "1200"]
[BlackElo "1805"]
[PlyCount "66"]
[EventDate "2007.??.??"]
[EventType "swiss"]
[EventRounds "7"]
[EventCountry "GER"]
[SourceTitle "EXT 2010"]
[Source "ChessBase"]
[SourceDate "2010.11.25"]
[SourceVersion "1"]
[SourceVersionDate "2010.11.25"]
[SourceQuality "1"]

1. d4 Nf6 2. c4 e6 3. Nc3 b6 4. e4 Bb4 5. Bd3 Bb7 6. Qc2 Bxc3+ 7. bxc3 d5 8. cxd5 exd5 9. e5 Ne4 10. Nf3 0-0 11. 0-0 Nd7 12. Nd2 f5 13. f3 Nxd2 14. Bxd2 g6 15. Qc1 Qe7 16. Bh6 Rfe8 17. Bg5 Qf7 18. Bh6 c5 19. Qg5 c4 20. Bc2 Bc6 21. g4 Kh8 22. gxf5 gxf5 23. Kh1 Re6 24. Qh4 Rg8 25. Rg1 Reg6 26. Rg5 Rxg5 27. Bxg5 Rg6 28. Rg1 Nf8 29. Qh5 Kg8 30. Rg2 Ne6 31. Bf6 Nf4 32. Rxg6+ Qxg6 33. Qxg6+ hxg6 1/2-1/2